| 000 | 00518ntaaa2200193 4500 | ||
|---|---|---|---|
| 003 | 01 | ||
| 005 | 20251027202819.0 | ||
| 008 | 0714s1973 ag 01 | ||
| 040 |
_aAR-BaBN _bspa _cAR-BaBN _eaacr _dRIC |
||
| 082 | _a920.0000 C17 | ||
| 100 |
_aCapdevila, Arturo _99425 |
||
| 245 | _aInfanta Mendocina | ||
| 250 | _a3 ed. | ||
| 260 |
_aBuenos Aires : _bAtlántida, _c1954 |
||
| 300 | _a180 p | ||
| 650 |
_abiografía-Merceditas de San Martín _928569 |
||
| 650 |
_aSan Martín, Merceditas-biografía _928570 |
||
| 942 | _cBK | ||
| 999 |
_c23511 _d23511 |
||